LEADER 04121nam 2201297 a 450 001 9910974558003321 005 20251107091824.0 010 $a979-88-8183-843-0 010 $a0-8108-8318-X 010 $a1-299-14875-1 024 7 $a10.5040/9798881838430 035 $a(CKB)2550000001000905 035 $a(EBL)1117159 035 $a(SSID)ssj0000822478 035 $a(PQKBManifestationID)12425263 035 $a(PQKBTitleCode)TC0000822478 035 $a(PQKBWorkID)10757155 035 $a(PQKB)10940397 035 $a(Au-PeEL)EBL1117159 035 $a(CaPaEBR)ebr10660028 035 $a(CaONFJC)MIL446125 035 $a(OCoLC)828617754 035 $a(MiAaPQ)EBC1117159 035 $a(OCoLC)829713891$z(OCoLC)828617754$z(OCoLC)1023046254$z(OCoLC)1034947009$z(OCoLC)1101712579 035 $a(UkLoBP)BP9798881838430BC 035 $a(EXLCZ)992550000001000905 100 $a20120807h20092013 uy 0 101 0 $aeng 135 $aur|n|---||||| 181 $ctxt 182 $cc 183 $acr 200 10$aRusalka $ea performance guide with translations and pronunciation /$fTimothy Cheek 205 $a1st ed. 210 $aLanham, Md. $cScarecrow Press$d2013 210 2$aNew York :$cBloomsbury Publishing(US),$d2013. 215 $a1 online resource (292 p.) 300 $aDescription based upon print version of record. 311 08$a0-8108-8305-8 320 $aIncludes bibliographical references (pages 265-269) and index. 327 $apt. 1. Opera essentials -- pt. 2. IPA and English translations. 330 $aThis book serves as an aid to anyone seeking to perform and gain a deeper understanding of this multi-layered opera, which so trenchantly asks what it means to be human, to love, and to be loved in return. 606 $aSinging$xInterpretation (Phrasing, dynamics, etc.)$2fast$3(OCoLC)fst01119324 606 $aOperas$xLibrettos$2fast$3(OCoLC)fst01046219 606 $aOperas$xInterpretation (Phrasing, dynamics, etc.)$2fast$3(OCoLC)fst01046216 606 $aOperas$xPerformances$2fast$3(OCoLC)fst01046223 606 $aMUSIC$xPrinted Music$xOpera & Classical Scores$2bisacsh 606 $aOperas$xInterpretation (Phrasing, dynamics, etc.) 606 $aOperas$xPerformances 606 $aOperas$vLibrettos 606 $aMUSIC$xGenres & Styles$xOpera$2bisacsh 606 $aSinging$xInterpretation (Phrasing, dynamics, etc.) 615 7$aSinging$xInterpretation (Phrasing, dynamics, etc.) 615 7$aOperas$xLibrettos. 615 7$aOperas$xInterpretation (Phrasing, dynamics, etc.) 615 7$aOperas$xPerformances. 615 7$aMUSIC$xPrinted Music$xOpera & Classical Scores. 615 0$aOperas$xInterpretation (Phrasing, dynamics, etc.) 615 0$aOperas$xPerformances. 615 0$aOperas 615 7$aMUSIC$xGenres & Styles$xOpera. 615 0$aSinging$xInterpretation (Phrasing, dynamics, etc.) 676 $a782.1/0268 700 $aCheek$b Timothy$f1957-$01641230 701 2$aKvapil$b Jaroslav$f1868-1950.$0812168 701 2$aKvapil$b Jaroslav$f1868-1950.$0812168 701 $aDvor?a?k$b Antoni?n$f1841-1904.$0621317 712 02$aBloomsbury (Firm), 801 0$bN$T 801 1$bN$T 801 2$bOCLCO 801 2$bE7B 801 2$bIDEBK 801 2$bYDXCP 801 2$bH9Z 801 2$bOCLCF 801 2$bCDX 801 2$bEBLCP 801 2$bMHW 801 2$bOCLCQ 801 2$bOCLCO 801 2$bOCLCQ 801 2$bMERUC 801 2$bZCU 801 2$bICG 801 2$bCOO 801 2$bVT2 801 2$bOCLCQ 801 2$bOCLCO 801 2$bWYU 801 2$bOCLCQ 801 2$bDKC 801 2$bOCLCO 801 2$bOCLCQ 801 2$bUX1 801 2$bOCLCQ 801 2$bOCLCO 801 2$bOCLCQ 801 2$bOCLCO 801 2$bOCL 801 2$bOCLCQ 801 2$bOCLCO 801 2$bOCLCL 801 2$bEZC 801 2$bZMS 801 2$bOCLCL 801 2$bUtOrBLW 906 $aBOOK 912 $a9910974558003321 996 $aRusalka$94557668 997 $aUNINA